Statistics for Landlocked Countries

Click here to take the quiz!

General Stats

  • This quiz has been taken 52 times
  • The average score is 40 of 45

Answer Stats

Landlocked Countries% Correct
Andorra
95%
Austria
95%
Bhutan
95%
Chad
95%
Hungary
95%
Kyrgyzstan
95%
Luxembourg
95%
Nepal
95%
Paraguay
95%
Rwanda
95%
Czech Republic
92%
Liechtenstein
92%
Slovakia
92%
South Sudan
92%
Tajikistan
92%
Turkmenistan
92%
Uganda
92%
Uzbekistan
92%
Zambia
92%
Zimbabwe
92%
Central African Republic
89%
Kazakhstan
89%
Lesotho
89%
Niger
89%
San Marino
89%
Switzerland
89%
Vatican City
89%
Afghanistan
87%
Armenia
87%
Belarus
87%
Bolivia
87%
Burundi
87%
Kosovo
87%
Malawi
87%
Mali
87%
Serbia
87%
Azerbaijan
84%
Botswana
84%
Burkina Faso
84%
Ethiopia
84%
Moldova
84%
Mongolia
84%
Laos
82%
North Macedonia
82%
Eswatini
79%

Score Distribution

Percentile by Number Answered

Percent of People with Each Score

Your Score History

You have not taken this quiz